000 00823nam1a22002411i 4500
001 v19\rc\2069308
005 20260406110320.0
035 _a(NLR Aleph) 005144732
090 _a4839941
_c4839941
100 _a20081111d1906 |||y0rusy50 ca
101 0 _arus
102 _aRU
105 _a z |||||
200 1 _aОтчет Ахтырского уездного земского агронома И.М. Подольского...
210 _aХарьков
_d1906
215 _d24
702 1 _aПодольский
_bИ.М.
_f1880-
_gИван Михайлович
_4220
710 0 2 _aАхтырский уездный земский агроном
_3RU\NLR\AUTH\885433
_9282547
801 0 _aRU
_bNLR
_gpsbo
801 0 _aRU
_bRuMoRGB
_2psbo
801 1 _aRU
_bProSoft-M
_2rusmarc
852 _aNLR
_bЗем
_j42/О16
942 _cBOOK